Modelo para armar : la evolución humana, paso a paso (y parte a parte) /

¿De dónde venimos los humanos? No hay viaje más fascinante que el de la historia de nuestra especie. Llevamos dentro de nosotros millones de años de evolución, y nuestro cuerpo es un collage de adaptaciones y cambios que heredamos de algún ancestro perdido en el camino. Hay un océano corriendo por n...

Descripción completa

Guardado en:
Autor Principal: Cagliani, Martín, 2013.
Formato: Libro
Idioma:Undetermined
Publicado: Buenos Aires : Siglo XXI, 2013.
Edición:1era ed.
Series:Ciencia que ladra ... Dirigida por Diego Golombek
Materias:
Etiquetas: Agregar Etiqueta
Sin Etiquetas, Sea el primero en etiquetar este registro!
LEADER 02045nam a22002055a 4500
001 CEM.cems025203
008 260610s2013####ag############000#0#und#d
005 20260610104210.0
245 1 0 |a Modelo para armar :  |b la evolución humana, paso a paso (y parte a parte) /  |c Martín Cagliani. 
250 |a 1era ed. 
260 |a Buenos Aires :  |b Siglo XXI,  |c 2013. 
300 |a 120 p. ;  |c 20 cm. 
490 1 |a Ciencia que ladra ... Dirigida por Diego Golombek 
520 |a ¿De dónde venimos los humanos? No hay viaje más fascinante que el de la historia de nuestra especie. Llevamos dentro de nosotros millones de años de evolución, y nuestro cuerpo es un collage de adaptaciones y cambios que heredamos de algún ancestro perdido en el camino. Hay un océano corriendo por nuestras venas, pero también almacenamos los peces de ese océano, y rastros de muchos otros animales que representan nuestro más profundo linaje. En este modelo para armar veremos de dónde han salido nuestras piernas, nuestras bocas, nuestros huesos, y cómo esto que somos desnuda nuestro pequeño lugar en el universo. Después de todo, siempre es útil estar al tanto de que nuestras manos provienen de las aletas de cierto pez primigenio, o saber por qué, en la actualidad, no estamos cubiertos de pelo. Conocer nuestra historia es el mejor punto de partida para saber adónde vamos, porque nuestro cuerpo y sus partes siguen y seguirán evolucionando. Martín Cagliani enciende la máquina del tiempo y nos lleva de viaje por la película de la humanidad, desde esa sopa donde se originó la vida hasta la multitud de homínidos que alguna vez poblaron el planeta. En medio, un mundo de sorpresas que nos ayuda a comprendernos mejor, desde aquel primate que manipuló las rocas para fabricar herramientas hasta este que ahora tiene un libro en las manos. 
020 |a 9789876292320 
100 1 |a Cagliani, Martín,  |d 2013. 
082 0 4 |a 576.82 
653 |a Teoría de la Evolución 
653 |a Evolución 
859 |a CEMS  |b BIB. CEMS - Agricultura  |h 576.82  |i C117  |p A4197.26  |t Ej.1